Fine Arts - Visual Fine Arts | 0 | 5 | 1 | 1 | 45 | 101 | 119.60 | 2 | 5 |
Fine Arts - Auditory Fine Arts | 0 | 4 | 0 | 0 | 40 | 95 | 107.00 | 2 | 4 |
Science - Other Science | 1 | 1 | 0 | 1 | 25 | 45 | 77.50 | 1 | 2 |
Literature - European Literature | 0 | 2 | 0 | 0 | 20 | 80 | 92.00 | 2 | 2 |
Science - Physics | 0 | 2 | 0 | 0 | 20 | 73 | 75.00 | 2 | 2 |
History - American History | 0 | 2 | 0 | 1 | 20 | 107 | 110.50 | 0 | 2 |
Literature - American Literature | 0 | 2 | 0 | 0 | 20 | 91 | 108.00 | 1 | 2 |
Literature - World Literature | 0 | 2 | 1 | 0 | 15 | 100 | 108.00 | 0 | 2 |
Science - Biology | 0 | 2 | 1 | 0 | 15 | 72 | 81.50 | 2 | 2 |
Current Events | 0 | 1 | 0 | 0 | 10 | 130 | 130.00 | 0 | 1 |
Mythology | 0 | 1 | 0 | 0 | 10 | 102 | 102.00 | 1 | 1 |
Religion | 0 | 1 | 0 | 0 | 10 | 129 | 129.00 | 1 | 1 |
Philosophy | 0 | 1 | 1 | 0 | 5 | 134 | 134.00 | 1 | 1 |
Science - Chemistry | 0 | 0 | 1 | 0 | -5 | | 0.00 | 0 | 0 |
Social Science | 0 | 0 | 2 | 0 | -10 | | 0.00 | 0 | 0 |